000 00661nam a2200241Ia 4500
003 OSt
005 20220926033849.0
006 a|||||r|||| 00| 0
007 ta
008 220923b |||||||| |||| 00| 0 eng d
037 _cGeneral Book
040 _aRTL
_cRTL
_beng
041 _2eng
_aeng
082 _aV21.D, L5
100 _aBhandarkar R G
245 0 _aEarly history of the Dekkan
260 _aVaranasi
_bBharatiya Publishing House India
_c1975
300 _a179p
_ccm.
500 _aAppendix: p 138-163
650 _aHistory Tamil Nadu
_9235554
942 _hV21.D, L5
_cGB
_2CC
999 _c658113
_d658113